|
|
|
|
| LEADER |
009310000a22002530004500 |
| 020 |
|
|
|a 978-0-415-55357-5
|
| 082 |
|
|
|a 323.154 Q0
|
| 100 |
|
|
|a Angshuman Kar; Editor
|
| 100 |
|
|
|a Harihar Bhattacharyya; Editor
|
| 100 |
|
|
|a Partha Sarkar; Editor
|
| 245 |
|
|
|a The politics of social exclusion in India: democracy at the cross roads
|
| 250 |
|
|
|
| 260 |
|
|
|a London, Routledge
|
| 260 |
|
|
|c 2010
|
| 460 |
|
|
|a xiii, 182p
|
| 465 |
|
|
|a Rs.0.00
|
| 490 |
|
|
|a Routledge advances in South Asian studies
|c 14
|
| 500 |
|
|
|a ed by Harihar Bhattacharyya, Partha Sarkar and Angshuman Kar
|
| 500 |
|
|
|a Includes bibliographical references and index
|
| 650 |
|
|
|a India-Social conditions-1947-
|
| 650 |
|
|
|a Marginality, Social-Political aspects-India
|
| 942 |
|
|
|c BK
|
| 999 |
|
|
|c 49664
|d 49664
|
| 952 |
|
|
|0 0
|1 0
|4 0
|6 323_154000000000000_Q0
|7 0
|8 ENG
|9 50396
|a MGUL
|b MGUL
|d 2013-07-16
|e Rs.0.00
|l 1
|o 323.154 Q0
|p 47533
|r 2013-12-05
|s 2013-11-28
|w 2013-07-16
|y BK
|